| 000 | 00715 a2200229 4500 | ||
|---|---|---|---|
| 003 | Nust | ||
| 005 | 20240117142703.0 | ||
| 010 | _a 92244553 | ||
| 020 | _a0198661851 : | ||
| 035 | _a(OCoLC) | ||
| 040 | _cNust | ||
| 082 | 0 | 0 | _a082,OXF |
| 245 | 0 | 4 |
_aThe Oxford dictionary of quotations / _cedited by Angela Partington. |
| 250 | _a4th ed. | ||
| 260 |
_aOxford [England] ; _aNew York : _bOxford University Press, _c1992. |
||
| 300 |
_axvi, 1061 p. ; _c25 cm. |
||
| 650 | 0 |
_aQuotations, English. _913574 |
|
| 650 | 0 |
_aQuotations. _994638 |
|
| 700 | 1 |
_aPartington, Angela. _9119903 |
|
| 856 | 4 | 2 |
_3Publisher description _uhttp://www.loc.gov/catdir/enhancements/fy0640/92244553-d.html |
| 942 |
_cREF _2ddc _k082,OXF |
||
| 999 |
_c184428 _d184428 |
||